000 00407nam a2200157Ia 4500
008 210716s2012 xx 000 0 und d
020 _a9788173717611
041 _aeng
082 _a621.395 CHAJ
100 _aChakravorty, Jaydeep.
245 _aDigital electronics and logic design.
250 _a1
260 _aNew Delhi
_bUniversities Press
_c2012
300 _axvi,411
650 _aDigital Systems
999 _c193378
_d193378